000 00275nam a2200121Ia 4500
005 20251222143246.0
008 251222s9999||||xx |||||||||||||| ||spa||
082 _a818.6/R17
100 _aNaomi Ragen
245 0 _aJephte´s Daughter
264 _bWarner books
942 _cLIB
999 _c14786
_d14786